000
00259 a2200097 4500
001
13909
100
_a
Thurber J
245
_a
Fables for our time & famous poems Illustrated and the last Flowers
260
_a
London
_b
Hamish Hamilton
_c
090
_c
10877
_d
10877
942
_a
NUST-CAE
_c
M
_c
977
999
_c
248982
_d
248982